| 000 | 01259nam a2200373 i 4500 | ||
|---|---|---|---|
| 001 | 46255 | ||
| 003 | KOSZ 005 | ||
| 005 | 20190920092006.0 | ||
| 008 | 050609s2005 pl f |000 0 pol d | ||
| 020 | _a8360096007 | ||
| 040 |
_cKOSZ 005 _aKOSZ 005 _dKOSZ 005/HR |
||
| 041 | 0 | _apol | |
| 046 | _k2005 | ||
| 080 | _a352/353(438) | ||
| 080 | _a342.25(438) | ||
| 100 | 1 |
_aChmielnicki, Paweł _d(1972- ) _eAutor |
|
| 245 | 1 | 0 |
_aŚwiadczenie usług przez samorząd terytorialny w Polsce : _bzagadnienia ustrojowoprawne / _cPaweł Chmielnicki. |
| 260 |
_aWarszawa : _b"Municipium", _c2005. |
||
| 300 |
_a396 s. ; _c24 cm + _eCD ROM : Wzory statutów i regulaminów. |
||
| 336 |
_2rdacontent _aTekst _btxt |
||
| 337 |
_2rdamedia _aBez urządzenia pośredniczącego _bn |
||
| 338 |
_2rdacarrier _aWolumin _bnc |
||
| 380 | _aKsiążki | ||
| 388 | _a2001- | ||
| 504 | _aBibliogr. | ||
| 648 | 7 | _a2001- | |
| 650 | 7 | _aSamorząd terytorialny | |
| 650 | 7 | _aUsługi | |
| 651 | 7 | _aPolska | |
| 658 | _aPrawo i wymiar sprawiedliwości | ||
| 658 | _aPolityka, politologia, administracja publiczna | ||
| 856 |
_uhttp://koha.tu.koszalin.pl/cgi-bin/koha/opac-detail.pl?biblionumber=46255 _yKatalog online BPK |
||
| 942 |
_cKS _2UKD |
||
| 999 |
_c46255 _d46255 |
||